Богдан Хмельницький (Запис № 17382)

000 -Маркер запису
Контрольне поле сталої довжини 01461nam a22002417a 4500
003 - Належність контрольного номера
Контрольне поле Uzh_bibl
008 - Кодовані дані
Контрольне поле сталої довжини 260417b |||||||| |||| 00| 0 ukr d
020 ## - Індекс ISBN
ISBN 978-966-02-4443-6
Ціна 5.75
040 ## - Джерело каталогіз.
Код мови каталог. укр.
041 ## - Код мови видання
Код мови оригіналу українська
Код мови тексту українська
080 ## - Індекс УДК
Індекс УДК 94(477)
090 ## - Шифри
Поличний індекс 94(477)
Авторський знак Б 87
100 ## - Автор
Автор Брехуненко,Віктор
245 ## - Назва
Назва Богдан Хмельницький
Фізичний носій Текст
260 ## - Вихідні дані
Місце видання Київ
Дата видання 2007
300 ## - Фізичний опис
Обсяг 72 с.
520 ## - Анотація
Анотація У книзі в науково-популярному стилі розповідається про славетного українського гетьмана Богдана Хмельницького. Простежено його життєвий шлях, роль в організації української Національно-визвольної війни середини XVII ст. та у створенні Української козацької держави. Відображено його таланти полководця, дипломата, державного діяча. Для всіх, хто цікавиться української історією.
521 ## - Примітка про цільове призначення
Примітка про цільове призначення Для широкого кола читачів
546 ## - Примітка про мову
Примітка про мову укр.
650 ## - Тематичні рубрики
Основна рубрика Науково-популярне видання
Типове ділення Історія України
653 ## - Ключові слова
Ключові слова Гетьман
-- Козацька держава
-- Визвольна війна
942 ## - ADDED ENTRY ELEMENTS (KOHA)
Джерело класифікації чи схема поличного розташування
Koha item type Книги
Фонди
Статус вилучення Статус втрати/відсутності Джерело класифікації чи схема поличного розташування Статус пошкодження Тип обігу (не для випозичання) Постійне розташування Поточне розташування Розташування у відділі Дата надходження Інвентарний номер Total Checkouts Повний (примірниковий) шифр зберігання Штрих-код Date last seen Дата, для якої чинна ціна заміни Тип одиниці (рівень примірника)
          Публічна бібліотека Публічна бібліотека Абонемент 17/04/2026 57698   94(477) 19316 17/04/2026 17/04/2026 Книги

Працює на АБІС Коха